000
00256nam a2200109Ia 4500
005
20251222114353.0
008
251222s1900||||xx |||||||||||||| ||spa||
082
_a
DVD0090/F83/2001
245
0
_a
Fotógrafo de guerra
264
_b
Christian Frei
942
_c
DVD
999
_c
1325
_d
1325